| 000 | 00583nam a22001817a 4500 | ||
|---|---|---|---|
| 005 | 20100810160948.0 | ||
| 010 | _aENG-99416 | ||
| 020 |
_a9788190729611 _c175.00 |
||
| 035 | _aEN-82948 | ||
| 037 | _bDBAD/PUB | ||
| 082 | _aS | ||
| 100 |
_aPomal, Rahul _910414 |
||
| 245 |
_aMy book of ambitions : _ba story about young Indian dreams / _cby Rahul Pomal |
||
| 260 |
_bCinnamonteal Publishing _c2008 |
||
| 300 |
_ax,191p. _c21cm (pbk) |
||
| 942 |
_2ddc _cEN _hS _mPOM |
||
| 999 |
_c40781 _d40781 |
||